000 00558nam a2200217Ia 4500
003 OSt
005 20230427105833.0
008 210423s1999 xx 000 0 und d
020 _a8120413644
040 _cAL
041 _aeng
082 _a581 SING
100 _aSINGH (Gurcharan).
_993807
245 _aPlant systematics: theory and practice.
260 _aNew Delhi
_bOxford University Press
_c1999
300 _ax,359
_bPB
365 _cINR
650 _aBotany
_993808
906 _aPlant ; practice ; Systematics: ; theory
942 _2ddc
_cBK
999 _c162760
_d162760